[Event "NZL-ch op 127th"]
[Site "Tauranga"]
[Date "2020.01.22"]
[Round "9"]
[White "Polishchuk, Kirill"]
[Black "Sandler, Leonid"]
[Result "1/2-1/2"]
[WhiteElo "2151"]
[BlackElo "2226"]
[PlyCount "37"]
[EventDate "2020.01.14"]
[EventType "swiss"]
[EventRounds "9"]
[EventCountry "NZL"]
[SourceTitle "CBM 194 Extra"]
[Source "ChessBase"]
[SourceDate "2020.03.31"]
[SourceVersion "1"]
[SourceVersionDate "2020.03.31"]
[SourceQuality "1"]

1. e4 c5 2. Nc3 e6 3. f4 a6 4. Nf3 Nc6 5. Be2 d5 6. exd5 exd5 7. 0-0 Nf6 8. Ne5 Be7 9. Bf3 Nd4 10. Ne2 Nxf3+ 11. Rxf3 0-0 12. d3 Ng4 13. d4 f6 14. Nd3 c4 15. Nf2 Nxf2 16. Rxf2 Bg4 17. h3 Bxe2 18. Qxe2 Qd7 19. f5 1/2-1/2

[Event "NZL-ch op 127th"]
[Site "Tauranga"]
[Date "2020.01.20"]
[Round "7"]
[White "Sandler, Leonid"]
[Black "Garbett, Paul Anthony"]
[Result "1/2-1/2"]
[WhiteElo "2226"]
[BlackElo "2185"]
[PlyCount "31"]
[EventDate "2020.01.14"]
[EventType "swiss"]
[EventRounds "9"]
[EventCountry "NZL"]
[SourceTitle "CBM 194 Extra"]
[Source "ChessBase"]
[SourceDate "2020.03.31"]
[SourceVersion "1"]
[SourceVersionDate "2020.03.31"]
[SourceQuality "1"]

1. d4 Nf6 2. c4 e6 3. Nf3 d5 4. Nc3 Be7 5. Bg5 Nbd7 6. e3 h6 7. Bh4 0-0 8. Qc2 c5 9. dxc5 Qa5 10. cxd5 Nxd5 11. Bxe7 Nxe7 12. Be2 Qxc5 13. 0-0 Nf6 14. Rac1 Bd7 15. Rfd1 Rfc8 16. Bd3 1/2-1/2

[Event "NZL-ch op 127th"]
[Site "Tauranga"]
[Date "2020.01.14"]
[Round "1"]
[White "Sandler, Leonid"]
[Black "McFarland, Malcolm"]
[Result "1-0"]
[WhiteElo "2226"]
[BlackElo "1745"]
[PlyCount "47"]
[EventDate "2020.01.14"]
[EventType "swiss"]
[EventRounds "9"]
[EventCountry "NZL"]
[SourceTitle "CBM 194 Extra"]
[Source "ChessBase"]
[SourceDate "2020.03.31"]
[SourceVersion "1"]
[SourceVersionDate "2020.03.31"]
[SourceQuality "1"]

1. d4 d5 2. c4 dxc4 3. Nf3 Nf6 4. Nc3 e6 5. e3 a6 6. a4 c5 7. Bxc4 cxd4 8. exd4 Bd6 9. 0-0 0-0 10. Bg5 h6 11. Bh4 Be7 12. Qe2 Nbd7 13. Rad1 Nb6 14. Bb3 Re8 15. Ne5 Nbd5 16. Bc2 Nb4 17. Bb1 g5 18. Bg3 Bf8 19. f4 Bg7 20. fxg5 hxg5 21. Qd2 a5 22. Qxg5 Nbd5 23. Bh4 Nxc3 24. bxc3 1-0

[Event "George Trundle Masters"]
[Site "Auckland"]
[Date "2020.01.07"]
[Round "5"]
[White "Steadman, Michael VR"]
[Black "Sandler, Leonid"]
[Result "0-1"]
[WhiteElo "2220"]
[BlackElo "2226"]
[PlyCount "81"]
[EventDate "2020.01.04"]
[EventType "tourn"]
[EventRounds "10"]
[EventCountry "NZL"]
[EventCategory "4"]
[SourceTitle "CBM 194 Extra"]
[Source "ChessBase"]
[SourceDate "2020.03.31"]
[SourceVersion "1"]
[SourceVersionDate "2020.03.31"]
[SourceQuality "1"]

1. d4 Nf6 2. c4 e6 3. Nc3 c5 4. d5 exd5 5. cxd5 d6 6. Nf3 g6 7. Bf4 a6 8. a4 Bg7 9. h3 0-0 10. e3 Qe7 11. Nd2 Nbd7 12. Nc4 Ne8 13. a5 Ne5 14. Nb6 Rb8 15. Be2 f5 16. Bh2 Nf6 17. 0-0 Bd7 18. Nxd7 Nfxd7 19. Qd2 Kh8 20. Rfe1 Qf6 21. f4 Nf7 22. g4 Rfe8 23. Kh1 Qe7 24. Bd3 fxg4 25. hxg4 b5 26. axb6 Rxb6 27. Rxa6 Rxa6 28. Bxa6 Nh6 29. Qe2 Qh4 30. Rg1 Bd4 31. Rg3 Nf6 32. g5 Nf5 33. Rf3 Ng4 34. e4 Bg1 35. Kxg1 Nd4 36. Qg2 Nxf3+ 37. Qxf3 Qxh2+ 38. Kf1 Qxb2 39. Qxg4 Qxc3 40. Qd7 Qf3+ 41. Kg1 0-1

[Event "Queensland-ch"]
[Site "Brisbane"]
[Date "2019.10.07"]
[Round "9"]
[White "Sandler, Leonid"]
[Black "Solomon, Stephen J"]
[Result "1/2-1/2"]
[WhiteElo "2218"]
[BlackElo "2338"]
[PlyCount "141"]
[EventDate "2019.10.03"]
[EventType "swiss"]
[EventRounds "9"]
[EventCountry "AUS"]
[SourceTitle "EXT 2021"]
[Source "ChessBase"]
[SourceDate "2020.10.23"]
[SourceVersion "1"]
[SourceVersionDate "2020.10.23"]
[SourceQuality "1"]

1. d4 Nf6 2. c4 e6 3. Nc3 d5 4. Bg5 Be7 5. e3 0-0 6. Nf3 Nbd7 7. Qc2 c6 8. a3 Re8 9. Bd3 dxc4 10. Bxc4 Nd5 11. Bxe7 Qxe7 12. 0-0 Nxc3 13. Qxc3 e5 14. dxe5 Nxe5 15. Nxe5 Qxe5 16. Qxe5 Rxe5 17. Rfd1 Kf8 18. Rd4 b5 19. Be2 Ke7 20. Rc1 Bd7 21. Bf3 Rc8 22. Re4 Rxe4 23. Bxe4 c5 24. f4 a5 25. Kf2 c4 26. Bd5 Bc6 27. Bxc6 Rxc6 28. e4 Rd6 29. Rc2 Rd4 30. Ke3 Rd3+ 31. Ke2 Kd6 32. a4 Kc5 33. axb5 Rb3 34. Rd2 Kxb5 35. Kd1 Kb4 36. e5 a4 37. Kc1 c3 38. bxc3+ Kxc3 39. Rc2+ Kd4 40. Rc7 a3 41. Ra7 h5 42. g3 g6 43. Ra4+ Kd5 44. Ra7 Ke4 45. Kc2 Rb2+ 46. Kc3 Rxh2 47. Rxf7 a2 48. Ra7 Rg2 49. Kc4 Kf5 50. Kd4 Kg4 51. Ra3 Re2 52. Kd3 Rb2 53. Kd4 Re2 54. Kd3 Rg2 55. Kd4 Kf5 56. Ra6 Rxg3 57. Rxa2 Rf3 58. Re2 Rxf4+ 59. Kd5 Ra4 60. Rf2+ Kg4 61. Rg2+ Kf5 62. Rf2+ Kg5 63. e6 Ra5+ 64. Kd6 Ra6+ 65. Kd7 Ra7+ 66. Kd6 Ra6+ 67. Kd7 Ra7+ 68. Kd6 h4 69. e7 Rxe7 70. Kxe7 Kg4 71. Kf6 1/2-1/2

[Event "Foxwoods op 13th"]
[Site "Ledyard"]
[Date "2019.04.19"]
[Round "5"]
[White "Niemann, Hans Moke"]
[Black "Sandler, Leonid"]
[Result "1-0"]
[WhiteElo "2477"]
[BlackElo "2223"]
[PlyCount "119"]
[EventDate "2019.04.17"]
[EventType "swiss"]
[EventRounds "9"]
[EventCountry "USA"]
[SourceTitle "CBM 189 Extra"]
[Source "ChessBase"]
[SourceDate "2019.06.03"]
[SourceVersion "1"]
[SourceVersionDate "2019.06.03"]
[SourceQuality "1"]

1. d4 d5 2. c4 e6 3. Nc3 Be7 4. Nf3 Nf6 5. Bg5 0-0 6. e3 h6 7. Bh4 Ne4 8. Bxe7 Qxe7 9. Qc2 c6 10. Bd3 Nxc3 11. Qxc3 Nd7 12. 0-0 Re8 13. e4 dxc4 14. Bxc4 e5 15. Rfe1 exd4 16. Nxd4 Nb6 17. Bb3 Bd7 18. Rac1 Rac8 19. e5 Nd5 20. Qd3 Qg5 21. Qg3 Qxg3 22. hxg3 Nc7 23. f4 g6 24. Ne2 Be6 25. Nc3 Bxb3 26. axb3 Red8 27. Red1 Kf8 28. Ne4 Nb5 29. Re1 b6 30. Re3 h5 31. e6 fxe6 32. Ng5 Nd4 33. Nxe6+ Nxe6 34. Rxe6 Kf7 35. Rexc6 Rxc6 36. Rxc6 Rd2 37. Rc7+ Kf6 38. Rxa7 Rxb2 39. Ra3 Kf5 40. Kh2 Kg4 41. Ra8 Rxb3 42. Rg8 Kf5 43. Rf8+ Ke6 44. Kh3 b5 45. Rb8 Rb1 46. g4 b4 47. Rb6+ Kf7 48. Kh4 hxg4 49. Kg5 Rg1 50. Rb7+ Ke6 51. Kxg6 Rxg2 52. f5+ Ke5 53. Rb5+ Kf4 54. Rxb4+ Kf3 55. Kg5 g3 56. Rb3+ Ke4 57. f6 Rg1 58. Kg6 g2 59. Rg3 Kf4 60. Rg5 1-0

[Event "NZL-ch rapid op"]
[Site "Auckland"]
[Date "2019.01.24"]
[Round "9"]
[White "Sandler, Leonid"]
[Black "Smith, Robert Wayne"]
[Result "1-0"]
[WhiteElo "2288"]
[BlackElo "2170"]
[PlyCount "119"]
[EventDate "2019.01.23"]
[EventType "swiss (rapid)"]
[EventRounds "9"]
[EventCountry "NZL"]
[SourceTitle "CBM 189 Extra"]
[Source "ChessBase"]
[SourceDate "2019.06.03"]
[SourceVersion "1"]
[SourceVersionDate "2019.06.03"]
[SourceQuality "1"]

1. c4 c5 2. Nc3 g6 3. g3 Bg7 4. Bg2 e5 5. Nf3 Ne7 6. 0-0 Nbc6 7. d3 d6 8. a3 a5 9. Rb1 0-0 10. Ne1 Be6 11. Nd5 Rb8 12. Bd2 b5 13. b3 f5 14. Bg5 h6 15. Bxe7 Nxe7 16. Nxe7+ Qxe7 17. Nc2 f4 18. Qd2 Qc7 19. Be4 Kh7 20. Ne1 Bf5 21. Nf3 g5 22. Bxf5+ Rxf5 23. g4 Rff8 24. h3 b4 25. a4 Bf6 26. Kg2 h5 27. gxh5 Kg7 28. Nh2 Rh8 29. h6+ Rxh6 30. Ng4 Rh4 31. Rh1 Rbh8 32. Rbg1 Qd7 33. f3 Qf5 34. Nf2 Kf7 35. Rh2 Be7 36. Kf1 Qe6 37. Ke1 Qf5 38. Kd1 R8h5 39. Kc2 Rh8 40. Kb1 R8h5 41. Ka2 Rh8 42. Qd1 R8h5 43. Rg4 Qe6 44. Qg1 Rxg4 45. fxg4 Rh8 46. Qg2 Rd8 47. Ne4 d5 48. cxd5 Qxd5 49. h4 gxh4 50. g5 Rh8 51. Qh1 Qe6 52. Rxh4 Rxh4 53. Qxh4 Kg7 54. Qh5 Qg6 55. Qg4 Qc6 56. Qf5 Qd5 57. g6 Kg8 58. Qh5 Kf8 59. Qh6+ Ke8 60. Qh8+ 1-0

[Event "NZL-ch op 126th"]
[Site "Auckland"]
[Date "2019.01.20"]
[Round "7"]
[White "Clarke, Brandon GI"]
[Black "Sandler, Leonid"]
[Result "1-0"]
[WhiteElo "2400"]
[BlackElo "2216"]
[PlyCount "125"]
[EventDate "2019.01.14"]
[EventType "swiss"]
[EventRounds "9"]
[EventCountry "NZL"]
[SourceTitle "CBM 188 Extra"]
[Source "ChessBase"]
[SourceDate "2019.02.26"]
[SourceVersion "1"]
[SourceVersionDate "2019.02.26"]
[SourceQuality "1"]

1. e4 e6 2. d4 d5 3. Nc3 dxe4 4. Nxe4 Bd7 5. Nf3 Bc6 6. Bd3 Nd7 7. 0-0 Ngf6 8. Nxf6+ Nxf6 9. c3 Bxf3 10. Qxf3 c6 11. Bf4 Be7 12. Rfe1 0-0 13. Be5 g6 14. Bc2 Nd7 15. Bf4 Bg5 16. Bg3 Bh4 17. Bd6 Re8 18. g3 Be7 19. Bf4 Bg5 20. Be3 Bxe3 21. fxe3 Qb6 22. Re2 Re7 23. Rf1 Rf8 24. h4 Qa5 25. Bb3 Kg7 26. g4 f6 27. Ref2 Qc7 28. Qh3 Qd6 29. g5 f5 30. h5 Kf7 31. hxg6+ hxg6 32. Qh7+ Ke8 33. Qxg6+ Kd8 34. Rg2 Ree8 35. Qh5 Rh8 36. Qf3 Kc7 37. Qf4 Re7 38. e4 fxe4 39. Qxd6+ Kxd6 40. Rf4 Rg7 41. Rxe4 Nf8 42. Reg4 Rh5 43. Bc2 Nh7 44. Bxh7 Rgxh7 45. Kf2 Rh1 46. Ke3 e5 47. g6 Rg7 48. Rf2 exd4+ 49. Kxd4 Rd1+ 50. Kc4 b5+ 51. Kb4 Kc7 52. Ka5 Rdd7 53. Ka6 Rge7 54. a3 Rg7 55. Rf6 Rd2 56. Rgf4 Rgd7 57. Rf2 R2d5 58. Rf7 Rg5 59. Rxd7+ Kxd7 60. Rf7+ Kd6 61. g7 Rg2 62. Kxa7 Kc5 63. b3 1-0

[Event "Begonia op 50th"]
[Site "Ballarat"]
[Date "2016.03.12"]
[Round "2"]
[White "Sandler, Leonid"]
[Black "Short, Nigel D"]
[Result "1/2-1/2"]
[WhiteElo "2228"]
[BlackElo "2671"]
[PlyCount "91"]
[EventDate "2016.03.12"]
[EventType "swiss"]
[EventRounds "7"]
[EventCountry "AUS"]
[SourceTitle "CBM 171 Extra"]
[Source "ChessBase"]
[SourceDate "2016.04.26"]
[SourceVersion "1"]
[SourceVersionDate "2016.04.26"]
[SourceQuality "1"]

1. d4 Nc6 2. e4 d5 3. e5 Bf5 4. Nf3 Qd7 5. Bd3 f6 6. 0-0 0-0-0 7. c3 g5 8. Re1 h5 9. Qc2 Nh6 10. b4 Bxd3 11. Qxd3 Qf5 12. Qe2 h4 13. Nbd2 h3 14. b5 Nb8 15. g3 Nf7 16. Ba3 g4 17. Nh4 Rxh4 18. gxh4 fxe5 19. Nf1 e4 20. Ne3 Qf3 21. Qxf3 gxf3 22. Kh1 c6 23. Rab1 e6 24. Bxf8 Rxf8 25. bxc6 Nxc6 26. Rg1 Rh8 27. Rg4 Nd6 28. Rbg1 Ne7 29. R1g3 Kd7 30. Rxh3 Ndf5 31. Nd1 b5 32. h5 Rh6 33. a3 Ke8 34. Kg1 Kf7 35. Kf1 Nd6 36. Ne3 Nef5 37. Rf4 Rh8 38. h6 Rh7 39. Ke1 Kg6 40. Rg4+ Kf6 41. Rg8 Nxe3 42. fxe3 Nc4 43. Kf2 Nb2 44. Ke1 Nc4 45. Kf2 Nb2 46. Ke1 1/2-1/2

[Event "Asia Clubs"]
[Site "Al Ain"]
[Date "2014.06.22"]
[Round "2.4"]
[White "Xu, Yi"]
[Black "Sandler, Leonid"]
[Result "1/2-1/2"]
[WhiteElo "2290"]
[BlackElo "2273"]
[PlyCount "56"]
[EventDate "2014.06.21"]
[EventType "team-tourn"]
[EventRounds "7"]
[EventCountry "UAE"]
[SourceTitle "CBM 161 Extra"]
[Source "ChessBase"]
[SourceDate "2014.08.29"]
[SourceVersion "1"]
[SourceVersionDate "2014.08.29"]
[SourceQuality "1"]
[WhiteTeam "Shanghai CC"]
[BlackTeam "Western Sydney"]
[WhiteTeamCountry "CHN"]
[BlackTeamCountry "AUS"]

1. e4 c5 2. Nf3 e6 3. d4 cxd4 4. Nxd4 Nc6 5. Nc3 Qc7 6. Be3 a6 7. Qd2 Nf6 8. 0-0-0 Bb4 9. f3 Ne5 10. Nb3 b5 11. Bd4 Nc6 12. Bc5 Bxc5 13. Nxc5 0-0 14. f4 b4 15. N3a4 d5 16. exd5 exd5 17. Bd3 a5 18. Qf2 Ne7 19. Rde1 Ng6 20. Rhf1 Rb8 21. Qd4 Bb7 22. g4 Rfe8 23. f5 Ne5 24. Bb5 Nc6 25. Rxe8+ Rxe8 26. Qf4 Qxf4+ 27. Rxf4 Ba8 28. c4 bxc3 1/2-1/2

[Event "Melbourne Victorian-ch"]
[Site "Melbourne"]
[Date "2012.06.21"]
[Round "10"]
[White "Levi, Eddy"]
[Black "Sandler, Leonid"]
[Result "1-0"]
[WhiteElo "2120"]
[BlackElo "2265"]
[PlyCount "65"]
[EventDate "2012.05.01"]
[EventType "tourn"]
[EventRounds "11"]
[EventCountry "AUS"]
[SourceTitle "EXT 2014"]
[Source "ChessBase"]
[SourceDate "2013.11.20"]
[SourceVersion "1"]
[SourceVersionDate "2013.11.20"]
[SourceQuality "1"]

1. e4 c5 2. Nc3 e6 3. Nf3 Nc6 4. Bb5 Nge7 5. 0-0 d6 6. Re1 Bd7 7. d4 cxd4 8. Nxd4 a6 9. Bxc6 Nxc6 10. Nxc6 bxc6 11. e5 dxe5 12. Rxe5 Qc7 13. Re3 Be7 14. Rg3 g6 15. Bh6 f5 16. Qd4 Rg8 17. Rd1 g5 18. h4 g4 19. Rgd3 Ra7 20. Bf4 c5 21. Qe3 Qc8 22. Bd6 Rg7 23. Qe5 Bf8 24. Nd5 Bxd6 25. Qxg7 exd5 26. Rxd5 Be6 27. Qxa7 Bxd5 28. Rxd5 Qe6 29. Rd1 Be7 30. Qa8+ Kf7 31. Qd5 Bxh4 32. c4 Bf6 33. Qd7+ 1-0

[Event "Melbourne Victorian-ch"]
[Site "Melbourne"]
[Date "2012.05.29"]
[Round "6"]
[White "Zelesco, Karl"]
[Black "Sandler, Leonid"]
[Result "1-0"]
[WhiteElo "2093"]
[BlackElo "2265"]
[PlyCount "55"]
[EventDate "2012.05.01"]
[EventType "tourn"]
[EventRounds "11"]
[EventCountry "AUS"]
[SourceTitle "EXT 2014"]
[Source "ChessBase"]
[SourceDate "2013.11.20"]
[SourceVersion "1"]
[SourceVersionDate "2013.11.20"]
[SourceQuality "1"]

1. e4 c5 2. Nf3 d6 3. d4 cxd4 4. Nxd4 Nf6 5. Nc3 a6 6. Be3 e6 7. f3 b5 8. Qd2 Bb7 9. g4 Nfd7 10. h4 Nb6 11. 0-0-0 N8d7 12. Qf2 Rc8 13. Kb1 Rxc3 14. bxc3 Qc7 15. Bd2 Be7 16. Bd3 0-0 17. Rdg1 d5 18. g5 Na4 19. Qe1 Rc8 20. h5 dxe4 21. fxe4 Ne5 22. g6 hxg6 23. hxg6 fxg6 24. Qg3 Qd6 25. Qh3 Bf6 26. Rf1 Nf7 27. Rxf6 gxf6 28. Nxe6 1-0

[Event "Melbourne Victorian-ch"]
[Site "Melbourne"]
[Date "2012.05.01"]
[Round "1"]
[White "Sandler, Leonid"]
[Black "Stevens, Tristan"]
[Result "1-0"]
[WhiteElo "2265"]
[BlackElo "2178"]
[PlyCount "75"]
[EventDate "2012.05.01"]
[EventType "tourn"]
[EventRounds "11"]
[EventCountry "AUS"]
[SourceTitle "EXT 2014"]
[Source "ChessBase"]
[SourceDate "2013.11.20"]
[SourceVersion "1"]
[SourceVersionDate "2013.11.20"]
[SourceQuality "1"]

1. c4 Nf6 2. Nf3 e6 3. g3 d5 4. d4 dxc4 5. Bg2 a6 6. a4 Nc6 7. 0-0 Rb8 8. e3 b5 9. Qe2 Bd7 10. axb5 axb5 11. Nc3 Nb4 12. Ne5 Bd6 13. e4 c5 14. Nxd7 Nxd7 15. e5 Bc7 16. d5 Nxe5 17. dxe6 fxe6 18. Ne4 0-0 19. Nxc5 Qf6 20. Be3 Nbd3 21. f4 Bb6 22. fxe5 Qxe5 23. Ne4 Qxb2 24. Nd2 Qe5 25. Be4 Nc5 26. Bxc5 Qxc5+ 27. Kg2 Rfd8 28. Nf3 c3 29. Rae1 b4 30. Bc2 e5 31. Qe4 g6 32. Bb3+ Kg7 33. Nxe5 Rd2+ 34. Kh1 Rf2 35. Nd7 Rxf1+ 36. Rxf1 Qb5 37. Rf7+ Kh8 38. Nxb8 1-0

[Event "Doeberl Cup 50th"]
[Site "Canberra"]
[Date "2012.04.09"]
[Round "9"]
[White "Liu, Yi"]
[Black "Sandler, Leonid"]
[Result "0-1"]
[WhiteElo "2116"]
[BlackElo "2284"]
[PlyCount "130"]
[EventDate "2012.04.05"]
[EventType "swiss"]
[EventRounds "9"]
[EventCountry "AUS"]
[SourceTitle "CBM 147 Extra"]
[Source "ChessBase"]
[SourceDate "2012.04.24"]
[SourceVersion "1"]
[SourceVersionDate "2012.04.24"]
[SourceQuality "1"]

1. d4 d5 2. c4 e6 3. Nc3 Be7 4. Nf3 Nf6 5. g4 0-0 6. e3 Nxg4 7. Qc2 c6 8. h3 Nf6 9. Rg1 c5 10. Bd2 Nc6 11. 0-0-0 a6 12. e4 Nxe4 13. Bh6 Bf6 14. Nxe4 dxe4 15. Qxe4 Nxd4 16. Nxd4 cxd4 17. h4 Kh8 18. Bd3 g6 19. Bxf8 Qxf8 20. Qf4 Bg7 21. Qc7 Bf6 22. Qf4 Qe7 23. h5 e5 24. Qf3 Be6 25. Kb1 Rg8 26. Qh1 Kg7 27. Rde1 Kf8 28. Qh2 Qc5 29. f4 e4 30. Bxe4 Qxc4 31. b3 Qb5 32. Qe2 d3 33. Qxd3 Qxh5 34. f5 Qh2 35. Rg2 Qe5 36. fxe6 Kg7 37. Kc1 Rd8 38. Qxd8 Bxd8 39. exf7 Bg5+ 40. Kc2 Qc5+ 41. Kd3 Kxf7 42. Rc2 Qd6+ 43. Ke2 Kg7 44. Kf1 Bh4 45. Ree2 Qf4+ 46. Kg2 b5 47. Rcd2 Qg4+ 48. Kf1 Bg5 49. Rd3 h5 50. Rf3 Bf6 51. Bd5 Qd4 52. Be4 Qa1+ 53. Kg2 h4 54. Rd3 Qe5 55. Rf3 Qg5+ 56. Kh3 Qg1 57. Rd2 Kh6 58. Rg2 Qh1+ 59. Rh2 Qe1 60. Rhf2 Bd4 61. Rf1 Qxe4 62. Rf4 Qe6+ 63. Kg2 h3+ 64. Kf3 g5 65. Rxd4 Qf6+ 0-1

[Event "Doeberl Cup Premier 50th"]
[Site "Canberra"]
[Date "2012.04.07"]
[Round "6"]
[White "Sandler, Leonid"]
[Black "Loh, Zachary"]
[Result "1/2-1/2"]
[WhiteElo "2284"]
[BlackElo "1833"]
[PlyCount "97"]
[EventDate "2012.04.05"]
[EventType "swiss"]
[EventRounds "9"]
[EventCountry "AUS"]
[SourceTitle "EXT 2023"]
[Source "ChessBase"]
[SourceDate "2022.10.05"]
[SourceVersion "1"]
[SourceVersionDate "2022.10.05"]
[SourceQuality "1"]

1. d4 Nf6 2. c4 g6 3. Nc3 d5 4. cxd5 Nxd5 5. Na4 Bg7 6. Nf3 0-0 7. e4 Nb6 8. Nc3 Bg4 9. Be3 Nc6 10. d5 Ne5 11. Be2 Bxf3 12. gxf3 c6 13. Qb3 Ned7 14. dxc6 bxc6 15. 0-0-0 Rb8 16. Qa3 Qc7 17. h4 Ne5 18. Qc5 Qb7 19. Rd2 Ned7 20. Qb4 c5 21. Qb3 c4 22. Qb4 Bxc3 23. bxc3 Na4 24. Qxb7 Rxb7 25. Bxc4 Nxc3 26. Bb3 Rc8 27. Kb2 Ne5 28. Ka1 Nxf3 29. Rc2 Rbc7 30. h5 Nb5 31. Rxc7 Rxc7 32. hxg6 hxg6 33. Rd1 e5 34. Rd5 Nbd4 35. Kb2 Nxb3 36. axb3 f6 37. Ra5 Nd4 38. Bxd4 exd4 39. Rd5 Kf7 40. Rxd4 f5 41. exf5 gxf5 42. Rd6 Re7 43. Ra6 Re2+ 44. Kc3 Rxf2 45. Kd4 Rf4+ 46. Ke5 Rb4 47. Kxf5 Rb5+ 48. Ke4 Rxb3 49. Rxa7+ 1/2-1/2

[Event "Begonia op 46th"]
[Site "Ballarat"]
[Date "2012.03.12"]
[Round "6"]
[White "McClymont, Brodie"]
[Black "Sandler, Leonid"]
[Result "1-0"]
[WhiteElo "2104"]
[BlackElo "2284"]
[PlyCount "71"]
[EventDate "2012.03.10"]
[EventType "swiss"]
[EventRounds "7"]
[EventCountry "AUS"]
[SourceTitle "EXT 2019"]
[Source "ChessBase"]
[SourceDate "2018.10.10"]
[SourceVersion "1"]
[SourceVersionDate "2018.10.10"]
[SourceQuality "1"]

1. e4 c5 2. Nf3 e6 3. d4 cxd4 4. Nxd4 Nf6 5. Nc3 d6 6. Be2 Be7 7. Be3 0-0 8. Qd2 a6 9. 0-0-0 Qc7 10. g4 b5 11. Bf3 Bb7 12. g5 Nfd7 13. a3 Nb6 14. Be2 N8d7 15. h4 Ne5 16. g6 hxg6 17. Bg5 Nec4 18. Bxc4 Nxc4 19. Qd3 Rac8 20. Rh3 d5 21. exd5 Bxd5 22. Bxe7 Qxe7 23. Nxd5 exd5 24. h5 Qg5+ 25. Kb1 gxh5 26. Rdh1 g6 27. Rg3 Qf6 28. Rxh5 Rfe8 29. Rxd5 Rcd8 30. Rf3 Qg7 31. Rxd8 Rxd8 32. Rf4 Qe5 33. Rh4 Qe1+ 34. Ka2 Qxf2 35. Qh3 Rxd4 36. Qc8+ 1-0

[Event "Begonia op 46th"]
[Site "Ballarat"]
[Date "2012.03.11"]
[Round "5"]
[White "Sandler, Leonid"]
[Black "Kerr, Bill"]
[Result "1-0"]
[WhiteElo "2284"]
[BlackElo "1989"]
[PlyCount "57"]
[EventDate "2012.03.10"]
[EventType "swiss"]
[EventRounds "7"]
[EventCountry "AUS"]
[SourceTitle "EXT 2019"]
[Source "ChessBase"]
[SourceDate "2018.10.10"]
[SourceVersion "1"]
[SourceVersionDate "2018.10.10"]
[SourceQuality "1"]

1. c4 f5 2. d4 Nf6 3. Nc3 g6 4. Nf3 Bg7 5. g3 d6 6. Bg2 0-0 7. 0-0 Qe8 8. d5 c6 9. Rb1 Na6 10. b3 Nc7 11. Bb2 h6 12. dxc6 bxc6 13. Nd4 Bd7 14. e4 Rd8 15. Qd2 fxe4 16. Nxe4 Nxe4 17. Bxe4 d5 18. cxd5 cxd5 19. Bg2 e5 20. Qa5 exd4 21. Qxc7 Bf5 22. Rbd1 Rf7 23. Qa5 d3 24. Bxg7 Kxg7 25. Rfe1 Re7 26. h3 g5 27. Bf1 Rc8 28. Rxe7+ Qxe7 29. Qxd5 1-0

[Event "Begonia op 46th"]
[Site "Ballarat"]
[Date "2012.03.10"]
[Round "1"]
[White "Sandler, Leonid"]
[Black "Tionko, Efrain"]
[Result "1-0"]
[WhiteElo "2284"]
[BlackElo "1876"]
[PlyCount "107"]
[EventDate "2012.03.10"]
[EventType "swiss"]
[EventRounds "7"]
[EventCountry "AUS"]
[SourceTitle "EXT 2019"]
[Source "ChessBase"]
[SourceDate "2018.10.10"]
[SourceVersion "1"]
[SourceVersionDate "2018.10.10"]
[SourceQuality "1"]

1. d4 Nf6 2. c4 g6 3. Nc3 Bg7 4. Nf3 0-0 5. g3 d6 6. Bg2 Na6 7. 0-0 c5 8. h3 cxd4 9. Nxd4 Qc7 10. b3 Nc5 11. Bg5 a6 12. Qd2 Ne6 13. Bxf6 exf6 14. Nc2 Re8 15. Rad1 Bf8 16. Ne4 Kg7 17. Nb4 Qa5 18. Nxf6 Rd8 19. Nfd5 Kg8 20. Kh2 Rb8 21. f4 Ng7 22. e4 f5 23. Rfe1 fxe4 24. Rxe4 Bf5 25. Re2 Kf7 26. g4 Bd7 27. Qd4 Re8 28. Qf6+ Kg8 29. Qg5 Kh8 30. Rxe8 Rxe8 31. Nf6 Qxg5 32. fxg5 Re7 33. Nbd5 Rf7 34. Nb6 Bc6 35. Bxc6 bxc6 36. Nc8 Ne6 37. Nxd6 Rc7 38. h4 c5 39. Nde8 Re7 40. Re1 Nf4 41. Rxe7 Bxe7 42. Nd5 Nxd5 43. cxd5 Kg8 44. Nf6+ Kg7 45. Ne4 Kf7 46. Kg3 a5 47. Kf4 h6 48. gxh6 Bxh4 49. g5 Be1 50. d6 a4 51. Ke5 axb3 52. axb3 Bh4 53. Kd5 Be1 54. Kxc5 1-0